| 000 | 00345nam a2200133Ia 4500 | ||
|---|---|---|---|
| 008 | 150202s9999 xx 000 0 und d | ||
| 020 | _a446359688 | ||
| 050 |
_aFIC _bFIC |
||
| 100 | _aBond, Larry. | ||
| 245 |
_aRed phoenix / _cLarry Bond. |
||
| 260 |
_aNew York : _bWarner Books, _c1989. |
||
| 300 |
_a713 pages : _c18 cm. |
||
| 650 | _aFiction. | ||
| 999 |
_c281843 _d281843 |
||